| 000 | 00679nam a2200205Ia 4500 | ||
|---|---|---|---|
| 008 | 191130s2008##################000#0#eng## | ||
| 020 | _a9781584506867 | ||
| 022 | _a2008940720 | ||
| 040 |
_aACL _cACL |
||
| 082 | _a790.1 HUT | ||
| 100 | _aHutchison, David | ||
| 245 |
_aFrom gamer to game designer : the official far cry 2 map editing guide _cDavid Hutchison |
||
| 260 |
_aAustralia ; Boston _bCourse Technology _cc2008 |
||
| 300 | _axii, 300 p. : ill. ; 24 cm | ||
| 500 | _aIncludes bibliographical references (p. 289) and index | ||
| 650 | _aVideo games - Handbooks, manuals, etc | ||
| 990 | _ae35df555ac10000c2a3cbca608e6b061 | ||
| 991 | _a372734 | ||
| 999 |
_c189083 _d189083 |
||